000 00236nam a22001217a 4500
003 SGT
082 _bMAL
100 _aMALHOTRA, RAJIV
245 _aVIBHINTA
260 _aINDIA
_bSHIKSA PUB.
_c2013
300 _a466
942 _2ddc
_cBK
999 _c19949
_d19949